Adaptación del currículo al contexto y al aula: respuesta educativa en las Cuevas de Guadix
Saved in:
| Main Authors: | , , |
|---|---|
| Format: | Bog |
| Sprog: | spansk |
| Udgivet: |
Madrid
Narcea
2000
|
| Serier: | Educación Hoy
|
| Fag: | |
| Tags: |
Tilføj Tag
Ingen Tags, Vær først til at tagge denne postø!
|
MARC
| LEADER | 00000nam a2200000 a 4500 | ||
|---|---|---|---|
| 001 | UCN6036 | ||
| 003 | CL-VaPUC | ||
| 008 | 010913e20000000SP |||||||||||||||||spa|d | ||
| 082 | 0 | 4 | |a 375 |b MUZ |2 21 |
| 100 | |a Muzás Rubio, María Dolores |e autora |9 597653 | ||
| 700 | 0 | |a Blanchard Giménez, Mercedes |e author |9 461827 | |
| 700 | 0 | |a Sandín, María Teresa |e author |9 461828 | |
| 245 | 1 | 0 | |a Adaptación del currículo al contexto y al aula: respuesta educativa en las Cuevas de Guadix |
| 300 | |a 204 p | ||
| 942 | |c BK | ||
| 945 | |d 20010913 00:00:00 |a cmena | ||
| 260 | |a Madrid |b Narcea |c 2000 | ||
| 650 | 0 | |a Currículo |9 307290 | |
| 650 | 0 | |a Planificación del currículo |9 269599 | |
| 650 | 0 | |a Cambio social |9 256857 | |
| 650 | 0 | |a Métodos de enseñanza |9 270413 | |
| 583 | |a last modification |c 20180522 09:31:07 |k Rodrigo Vera | ||
| 490 | 0 | |a Educación Hoy | |
| 999 | |c 297128 |d 297126 | ||
| 952 | |0 0 |1 0 |4 0 |6 375_000000000000000_MUZ_2000 |7 0 |8 A |9 351586 |a BIBEDU |b BIBEDU |d 2019-11-21 |i 3749320 |o 375 MUZ 2000 |p 3749320 |r 2019-11-21 |w 2019-11-21 |y BK |k EPE | ||